Widok standardowy
Widok MARC
Pozycja Personal Name
Liczba rekordów, w których użyto hasła: 1
001 - Numer kontrolny
- control field: 40736
003 - Identyfikator numeru kontrolnego
- control field: NUKAT
005 - Data i czas ostatniej modyfikacji
- control field: 20260428082932.0
008 - Dane kontrolne kodowane (40 znaków)
- fixed length control field: 930930n||a|znnaabn |a aaa |c
010 ## - Numer kontrolny Biblioteki Kongresu
- numer kontrolny LC: n 93100013
024 7# - OTHER STANDARD IDENTIFIER
- Standard number or code: 39794908
- Source of number or code: viaf
024 7# - OTHER STANDARD IDENTIFIER
- Standard number or code: 0000000116257407
- Source of number or code: isni
024 7# - OTHER STANDARD IDENTIFIER
- Standard number or code: Q112508286
- Source of number or code: wikidata
040 ## - Instytucja sporządzająca rekord
- inst. przygot. dane do rek. khw: WA U/Pecho
- język haseł przedmiotowych/tezaurus: kaba
- inst. wprow. rek. khw: WA U/Pecho
- inst. modyf. rek. khw: GD PAN/STE
- inst. modyf. rek. khw: WR U/hb
- inst. modyf. rek. khw: KR PAU/SGs
043 ## - Kod obszaru geograficznego
- ISO code: PL
046 ## - Special dates
- Birth date: 1961
100 1# - Hasło - nazwa osobowa
- nazwa osobowa w formie ujednoliconej: Kalbarczyk, Sławomir
- daty biograficzne: (1961- ).
370 ## - Associated place
- Country: Polska.
- Auth control #: http://nukat.edu.pl/aut/s 94110000
- Source of term: kaba
372 ## - Field of activity
- Field: Historia.
- Auth control #: http://nukat.edu.pl/aut/s 94205867
- Source of term: kaba
374 ## - Occupation
- Occupation: Historycy.
- Auth control #: http://nukat.edu.pl/aut/s 94205772
- Source of term: kaba
375 ## - Gender
- Gender: 1
- Source of term: iso5218
377 ## - Assoc lang
- Lang code: pol
670 ## - Źródło informacji
- źródło informacji: Wykaz łagrów sowieckich [...] / Sławomir Kalbarczyk. - Warszawa, 1993-.
670 ## - Źródło informacji
- źródło informacji: Kp. Armia Andersa w ZSRS 1941-1942 / Sławomir Kalbarczyk. - Warszawa, 2020.
670 ## - Źródło informacji
- źródło informacji: OPI online
670 ## - Źródło informacji
- źródło informacji: Kp. Sławomir Kalbarczyk, Kazimierz Bartel (1882-1941) / Marek Sioma // Kwartalnik Historyczny : organ Towarzystwa Historycznego. - R. 125, nr 1 (2018), s. 213-223.
- gdzie znaleziono informację: Rec
670 ## - Źródło informacji
- źródło informacji: BNPol online